Statistics for Finish the Great Songs! (Part 4)

Click here to take the quiz!

General Stats

  • This quiz has been taken 459 times
  • The average score is 7 of 15

Answer Stats

HintAnswer% Correct
(Michael Jackson) Man In The ?Mirror
85%
(Passenger) Let ? GoHer
74%
(Bruno Mars) ? Out Of HeavenLocked
71%
(Taylor Swift) I Knew You Were ?Trouble
71%
(Nicki Minaj) Super ?Bass
61%
(David Bowie) ? OdditySpace
59%
(Bob Marley) Three ? BirdsLittle
58%
(Beyonce) ? In LoveDrunk
57%
(Ariana Grande) Almost Is Never ?Enough
47%
(John Parr) St Elmo's ?Fire
45%
(Tracy Chapman) Baby Can I ? YouHold
31%
(Phil Collins) ? LoverEasy
28%
(Chris Brown) Fine ?China
15%
(Duke Dumont) I ? UGot
7%
(Frank Stallone) Far From ?Over
5%

Score Distribution

Percentile by Number Answered

Percent of People with Each Score

Your Score History

You have not taken this quiz